Mathematik: Fakultät der Zahlen 1-15 (Kopfrechnen) - Statistiken

Allgemein
  • Dieses Quiz wurde 674 mal gespielt
  • Das Durchschnittsergebnis liegt bei 9 aus 15
Antwortstatistiken
Fakultät Lösung % Korrekt
1! 1
100%
2! 2
100%
3! 6
98%
4! 24
91%
5! 120
89%
6! 720
86%
7! 5040
74%
8! 40320
69%
9! 362880
59%
10! 3628800
58%
11! 39916800
29%
12! 479.001.600
15%
13! 6.227.020.800
10%
15! 1.307.674.368.000
9%
14! 87.178.291.200
9%
Keine übereinstimmenden Quizze gefunden
Verteilung der Resultate
Anzahl Personen mit jedem Resultat
Perzentil nach korrekt beantworteten Fragen
Ihre Resultats-Entwicklung
Sie haben dieses Quiz noch nicht gespielt